[Event "Atyrau op"]
[Site "Atyrau"]
[Date "2022.08.19"]
[Round "5"]
[White "Kazakov, Konstantin"]
[Black "Amonatov, Farrukh"]
[Result "1-0"]
[WhiteElo "2385"]
[BlackElo "2620"]
[PlyCount "124"]
[EventDate "2022.08.15"]
[EventType "swiss"]
[EventRounds "9"]
[EventCountry "KAZ"]
[SourceTitle "CBM 210 Extra"]
[Source "ChessBase"]
[SourceDate "2022.11.30"]
[SourceVersion "1"]
[SourceVersionDate "2022.11.30"]
[SourceQuality "1"]

1. e4 c5 2. Nc3 d6 3. d4 cxd4 4. Qxd4 Nc6 5. Qd2 g6 6. b3 Bh6 7. f4 Nf6 8. Bb2 0-0 9. 0-0-0 a5 10. a4 Nb4 11. Kb1 e5 12. Qxd6 Qxd6 13. Rxd6 Ng4 14. Nh3 exf4 15. Ne2 Re8 16. Nexf4 Bf8 17. Rd4 Bg7 18. Rd2 Bxb2 19. Kxb2 Rxe4 20. Bc4 Ne5 21. Bd5 Re3 22. Nf2 g5 23. Nh5 Bf5 24. Nd1 Nxd5 25. Nxe3 Nxe3 26. Re2 Bg6 27. Rxe3 Ng4 28. Rg3 Bxh5 29. h3 Nf6 30. Rxg5+ Bg6 31. Rf1 Kg7 32. Rb5 Be4 33. Rf4 h6 34. g4 Ra6 35. Re5 Bg6 36. c4 Nd7 37. Rd5 Nf8 38. Rb5 Ne6 39. Rf2 b6 40. Rd2 Nc7 41. Re5 Ra8 42. Rd6 Rb8 43. Rc6 Ne6 44. Rb5 Rd8 45. Rcxb6 Rd2+ 46. Ka3 Nd4 47. Rxa5 Nc2+ 48. Kb2 Nd4+ 49. Kc1 Rc2+ 50. Kb1 Bh7 51. Rf5 Rh2 52. a5 Nxf5 53. gxf5 Bxf5+ 54. Ka1 Bxh3 55. a6 h5 56. a7 Bg2 57. c5 Rh1+ 58. Kb2 Re1 59. c6 Re8 60. Ra6 Ra8 61. c7 h4 62. Rd6 f6 1-0

[Event "Atyrau op"]
[Site "Atyrau"]
[Date "2022.08.18"]
[Round "3"]
[White "Kazakov, Konstantin"]
[Black "Sivuk, Vitaly"]
[Result "1/2-1/2"]
[WhiteElo "2385"]
[BlackElo "2579"]
[PlyCount "88"]
[EventDate "2022.08.15"]
[EventType "swiss"]
[EventRounds "9"]
[EventCountry "KAZ"]
[SourceTitle "CBM 210 Extra"]
[Source "ChessBase"]
[SourceDate "2022.11.30"]
[SourceVersion "1"]
[SourceVersionDate "2022.11.30"]
[SourceQuality "1"]

1. e4 e5 2. Nf3 Nc6 3. Nc3 Nf6 4. d4 exd4 5. Nxd4 Bb4 6. Nxc6 bxc6 7. Bd3 d5 8. exd5 cxd5 9. Qe2+ Qe7 10. Qxe7+ Kxe7 11. a3 Bc5 12. Bg5 c6 13. 0-0 h6 14. Bf4 Be6 15. Na4 Bd6 16. Bxd6+ Kxd6 17. Rfd1 a5 18. f3 Rab8 19. Kf2 c5 20. b3 Rhc8 21. Nc3 Ke7 22. Ba6 Rc7 23. a4 d4 24. Ne2 Nd5 25. Rd2 Rb6 26. Bb5 g5 27. Rc1 Rd6 28. Bc4 Rb7 29. h4 Rb4 30. hxg5 hxg5 31. Bxd5 Rxd5 32. Re1 Kd6 33. Nc1 Rb8 34. Nd3 Rf5 35. Kg3 Rc8 36. Nf2 Re5 37. Rh1 f5 38. Nd3 Re3 39. Rh5 Rg8 40. Rh6 Kd5 41. Nb2 f4+ 42. Kf2 Ke5 43. Nd3+ Kd5 44. Nb2 Ke5 1/2-1/2

[Event "Titled Tuesday intern op 27th Oct"]
[Site "Chess.com INT"]
[Date "2020.10.27"]
[Round "1"]
[White "Kazakov, Konstantin"]
[Black "Svicevic, Rastko"]
[Result "0-1"]
[WhiteElo "2390"]
[BlackElo "2215"]
[PlyCount "96"]
[EventDate "2020.10.27"]
[EventType "swiss (blitz)"]
[EventRounds "11"]
[EventCountry "USA"]
[SourceTitle "CBM 199 Extra"]
[Source "ChessBase"]
[SourceDate "2021.01.31"]
[SourceVersion "1"]
[SourceVersionDate "2021.01.31"]
[SourceQuality "1"]

1. e4 c5 2. Nc3 Nc6 3. g3 g6 4. Bg2 Bg7 5. d3 e6 6. Be3 b6 7. Nge2 Nge7 8. 0-0 d5 9. exd5 exd5 10. d4 c4 11. Nf4 Be6 12. b3 cxb3 13. axb3 0-0 14. Re1 Rc8 15. Qd2 Qd7 16. Ra4 Rfd8 17. h3 a5 18. Nce2 Nf5 19. g4 Nfe7 20. Nd3 h5 21. f3 b5 22. Raa1 Qa7 23. c3 hxg4 24. hxg4 Qc7 25. Nc5 Nb8 26. Bf4 Qb6 27. Nc1 Rxc5 28. dxc5 Qxc5+ 29. Qe3 Qxc3 30. Ne2 Qxe3+ 31. Bxe3 Bxa1 32. Rxa1 Nbc6 33. Bb6 Ra8 34. Nc3 b4 35. Na4 g5 36. Nc5 d4 37. Kf2 Nd5 38. Na4 Nc3 39. f4 Rc8 40. Nxc3 bxc3 41. fxg5 d3 42. Ke3 d2 43. Kd3 Nb4+ 44. Ke2 Bxb3 45. Bxa5 d1Q+ 46. Rxd1 Bxd1+ 47. Kxd1 c2+ 48. Ke2 c1Q 0-1

[Event "Astana op"]
[Site "Astana"]
[Date "2019.07.16"]
[Round "7"]
[White "Kazakov, Konstantin"]
[Black "Malakhatko, Vadim"]
[Result "1/2-1/2"]
[WhiteElo "2380"]
[BlackElo "2462"]
[PlyCount "127"]
[EventDate "2019.07.09"]
[EventType "swiss"]
[EventRounds "9"]
[EventCountry "KAZ"]
[SourceTitle "EXT 2020"]
[Source "ChessBase"]
[SourceDate "2019.10.17"]
[SourceVersion "1"]
[SourceVersionDate "2019.10.17"]
[SourceQuality "1"]

1. e4 e6 2. d4 d5 3. Nd2 c5 4. exd5 Qxd5 5. Ngf3 cxd4 6. Bc4 Qd8 7. 0-0 Nc6 8. Nb3 a6 9. Nbxd4 Nxd4 10. Nxd4 Qc7 11. Bb3 Bd6 12. Qh5 Nf6 13. Qh4 Bd7 14. Bg5 0-0-0 15. Nf3 Bc6 16. Bxf6 gxf6 17. Qxf6 Rhg8 18. g3 Rg6 19. Qc3 Rdg8 20. Nd4 Bxg3 21. fxg3 Rxg3+ 22. hxg3 Rxg3+ 23. Kf2 Rxc3 24. bxc3 Be4 25. Rae1 Bg6 26. Re3 Kb8 27. Nf3 Qc5 28. Rd1 Bh5 29. Rg1 Bg6 30. Ne5 Qd6 31. Ke1 Bh5 32. Nd3 Qh2 33. Rf1 Qh4+ 34. Kd2 Qg5 35. Nf4 Bg4 36. Nd3 Bf5 37. Ne5 h5 38. Nxf7 Qg2+ 39. Ke1 h4 40. Bxe6 Bxe6 41. Rxe6 Qxc2 42. Re3 Qxa2 43. Ng5 a5 44. Rf4 Qb1+ 45. Kf2 Qc2+ 46. Kf3 Qd1+ 47. Ke4 a4 48. Kf5 Qd7+ 49. Ne6 a3 50. Ke5 a2 51. Re1 Qd2 52. Rff1 Qxc3+ 53. Kd6 h3 54. Kd5 Qb3+ 55. Kd6 Qa3+ 56. Kd5 Qb3+ 57. Kd6 Ka7 58. Nc5 Qb2 59. Kd5 Qd2+ 60. Kc4 Qc2+ 61. Kb4 Qd2+ 62. Kc4 Qc2+ 63. Kb4 Qd2+ 64. Kc4 1/2-1/2

[Event "Astana op"]
[Site "Astana"]
[Date "2019.07.10"]
[Round "2"]
[White "Stupak, Kirill"]
[Black "Kazakov, Konstantin"]
[Result "1-0"]
[WhiteElo "2560"]
[BlackElo "2380"]
[PlyCount "103"]
[EventDate "2019.07.09"]
[EventType "swiss"]
[EventRounds "9"]
[EventCountry "KAZ"]
[SourceTitle "EXT 2020"]
[Source "ChessBase"]
[SourceDate "2019.10.17"]
[SourceVersion "1"]
[SourceVersionDate "2019.10.17"]
[SourceQuality "1"]

1. d4 Nf6 2. c4 e6 3. Nf3 d5 4. Bg5 Nbd7 5. e3 c6 6. Nc3 Qa5 7. cxd5 exd5 8. Bd3 Bb4 9. Qc2 0-0 10. 0-0 Re8 11. Rfc1 Bxc3 12. bxc3 Ne4 13. Bf4 Nb6 14. a4 g6 15. h3 c5 16. Bb5 Bd7 17. Ne5 Bf5 18. Bxe8 Rxe8 19. Qb3 f6 20. Nf3 Bd7 21. Bc7 c4 22. Qb2 Re6 23. Nd2 Nxd2 24. Qxd2 Qa6 25. a5 Na4 26. Qc2 b5 27. axb6 axb6 28. Qa2 Qc8 29. Bg3 Qf8 30. Qa3 Qxa3 31. Rxa3 b5 32. Bc7 Ra6 33. f3 Bf5 34. e4 Be6 35. Rb1 Bd7 36. exd5 Ra8 37. Re1 Kf7 38. Bd6 Re8 39. Rxe8 Kxe8 40. Bb4 Nb6 41. d6 Kf7 42. Ra1 g5 43. Kf2 Nd5 44. h4 h6 45. h5 Nb6 46. Ra6 Nc8 47. d5 f5 48. Ke3 Kf6 49. Kd4 f4 50. Rc6 Kf7 51. Ke5 Ke8 52. Bc5 1-0

[Event "KAZ-ch"]
[Site "Almaty"]
[Date "2019.04.30"]
[Round "9"]
[White "Makhnev, Denis"]
[Black "Kazakov, Konstantin"]
[Result "1/2-1/2"]
[WhiteElo "2483"]
[BlackElo "2369"]
[PlyCount "59"]
[EventDate "2019.04.21"]
[EventType "tourn"]
[EventRounds "11"]
[EventCountry "KAZ"]
[EventCategory "7"]
[SourceTitle "CBM 190 Extra"]
[Source "ChessBase"]
[SourceDate "2019.07.15"]
[SourceVersion "1"]
[SourceVersionDate "2019.07.15"]
[SourceQuality "1"]

1. d4 f5 2. g3 Nf6 3. Bg2 g6 4. Nh3 d6 5. d5 c6 6. Nf4 cxd5 7. Nxd5 Nxd5 8. Qxd5 Nc6 9. c4 Bg7 10. Nc3 Qa5 11. 0-0 Bxc3 12. bxc3 Qxd5 13. cxd5 Ne5 14. Bf4 Bd7 15. Rfb1 b6 16. Bxe5 dxe5 17. a4 Kf7 18. a5 b5 19. c4 bxc4 20. Rb7 Rhd8 21. d6 e4 22. f3 exd6 23. fxe4 fxe4 24. Rd1 Ke7 25. Rd4 Rac8 26. Rxe4+ Kf6 27. Rf4+ Ke5 28. Re4+ Kf6 29. Rf4+ Ke5 30. Re4+ 1/2-1/2

[Event "KAZ-ch"]
[Site "Almaty"]
[Date "2019.04.29"]
[Round "8"]
[White "Kazakov, Konstantin"]
[Black "Kazhgaleyev, Murtas"]
[Result "1/2-1/2"]
[WhiteElo "2369"]
[BlackElo "2578"]
[PlyCount "164"]
[EventDate "2019.04.21"]
[EventType "tourn"]
[EventRounds "11"]
[EventCountry "KAZ"]
[EventCategory "7"]
[SourceTitle "CBM 190 Extra"]
[Source "ChessBase"]
[SourceDate "2019.07.15"]
[SourceVersion "1"]
[SourceVersionDate "2019.07.15"]
[SourceQuality "1"]

1. e4 e6 2. d4 d5 3. exd5 exd5 4. Nf3 Nf6 5. c4 Bb4+ 6. Nc3 0-0 7. a3 Re8+ 8. Be2 Bxc3+ 9. bxc3 Ne4 10. Bb2 dxc4 11. 0-0 Nd6 12. Ne5 Be6 13. a4 Nd7 14. Ba3 Nxe5 15. dxe5 Nf5 16. Bf3 c6 17. Rb1 Qc7 18. Re1 Rad8 19. Qc2 Nh4 20. Be4 Ng6 21. Bd6 Qc8 22. f4 Nxf4 23. Bxh7+ Kh8 24. Rf1 Nxg2 25. Qxg2 Kxh7 26. Rf4 Bd5 27. Rh4+ Kg8 28. Qc2 f5 29. exf6 Be4 30. Rf1 gxf6 31. Qf2 Qe6 32. Qxf6 Qxf6 33. Rxf6 Rd7 34. Rg4+ Rg7 35. h3 Bd5 36. Kf2 Be6 37. Re4 Rf7 38. Rxf7 Kxf7 39. a5 Rh8 40. Rf4+ Ke8 41. h4 Rh5 42. a6 bxa6 43. Rf8+ Kd7 44. Bg3 Bd5 45. Ke3 c5 46. Rf6 Be6 47. Rf2 Kc6 48. Rf6 Kd7 49. Rf2 a5 50. Rd2+ Kc8 51. Rd6 Bd7 52. Ra6 Kb7 53. Rxa5 Kb6 54. Ra2 a5 55. Rb2+ Ka6 56. Rb8 a4 57. Kd2 Rd5+ 58. Kc2 Bg4 59. Kb2 Bd1 60. Bf4 Bb3 61. Re8 Rd1 62. Re6+ Kb7 63. Rd6 Rf1 64. Bg5 Kc7 65. Rd5 Kc6 66. Rd8 Rh1 67. Rd2 Rh3 68. Be7 Kb5 69. Bf6 Rf3 70. Bg7 Rf5 71. Bh6 Rf1 72. Bg5 Bd1 73. Rd8 Bg4 74. Rb8+ Kc6 75. Ra8 Rf2+ 76. Ka3 Rc2 77. Bf6 Bf5 78. Rxa4 Rd2 79. Ra6+ Kb7 80. Ra5 Kb6 81. Ra8 Kb7 82. Ra5 Kb6 1/2-1/2

[Event "KAZ-ch"]
[Site "Almaty"]
[Date "2019.04.24"]
[Round "4"]
[White "Kostenko, Petr"]
[Black "Kazakov, Konstantin"]
[Result "1/2-1/2"]
[WhiteElo "2450"]
[BlackElo "2369"]
[PlyCount "104"]
[EventDate "2019.04.21"]
[EventType "tourn"]
[EventRounds "11"]
[EventCountry "KAZ"]
[EventCategory "7"]
[SourceTitle "CBM 190 Extra"]
[Source "ChessBase"]
[SourceDate "2019.07.15"]
[SourceVersion "1"]
[SourceVersionDate "2019.07.15"]
[SourceQuality "1"]

1. e4 c5 2. Nf3 Nf6 3. e5 Nd5 4. g3 Nc6 5. Bg2 d6 6. exd6 e6 7. 0-0 Bxd6 8. d4 0-0 9. dxc5 Bxc5 10. Qe2 a5 11. c4 Nf6 12. Nc3 h6 13. Bf4 Qe7 14. Rad1 Rd8 15. Rxd8+ Qxd8 16. Rd1 Qe7 17. Na4 Ba7 18. h3 Bd7 19. Bd6 Qe8 20. Nc3 Rc8 21. Nb5 Bb6 22. Bf4 Bc5 23. Nd6 Bxd6 24. Bxd6 a4 25. Rd2 Na5 26. Ne5 Bc6 27. Nxc6 Nxc6 28. c5 Nd5 29. Qb5 Ra8 30. Kh2 Qd7 31. a3 Ra5 32. Qc4 Nce7 33. Bxe7 Qxe7 34. Bxd5 exd5 35. Rxd5 Ra8 36. Qd4 Rc8 37. h4 Qe2 38. Kg2 Qc2 39. Re5 f6 40. Rd5 Rc7 41. h5 Kh7 42. Qe3 Rc8 43. Qd4 Rc7 44. g4 Re7 45. Rd8 Re5 46. Rb8 Qe2 47. Kg3 Re4 48. Qd7 Re3+ 49. fxe3 Qxe3+ 50. Kg2 Qe2+ 51. Kg1 Qe1+ 52. Kg2 Qe2+ 1/2-1/2